000 00838nam a22002775i 4500
001 169120
003 ES-MaACL
005 20250728103618.0
008 080819s1999 sp |||| | spa d
017 _aB-42.260-1999
020 _a84-270-2523-8
080 _a17
080 _a236.95
080 _a291.1
100 1 _aSádaba, Javier.
_9101274
245 1 3 _aEl hombre espiritual
_b: ética, moral y religión ante el nuevo milenio /
_cJavier Sádaba.
250 _a1ª ed.
260 _aBarcelona :
_bMartínez Roca,
_c1999.
300 _a207 p. ;
_c22 cm.
504 _aBibliografía.
650 4 _aReligión-
_xFilosofía
_916799
650 7 _aÉtica
_2embne
_912577
650 1 4 _aMilenarismo.
_915036
852 4 _aES-MaACL
_jL-29531
_9R.142897
_z-Dedicatoria autógrafa del autor.
999 _c169120
_d169120